000
00319nam a2200121Ia 4500
008
190216s9999||||xx |||||||||||||| ||und||
100
_a
Subash Sathesh & Sindhwani
245
0
_a
Chemical Kinetics And Catalysis
260
_b
Jaiprakash Nath &co
_c
1978
300
_a
170p
650
_a
Chemistry-Chemistry
942
_c
BK
999
_c
2227
_d
2227